O menino que não gostava de ler (Registo nº 4197)

Detalhes MARC
000 -Etiqueta do registo
Cabeçalho 00788nam0a2200265 4500
005 - Identificador da versão
Campo de controlo 20240813122055.0
010 ## - Número internacional normalizado dos livros (ISBN)
Número (ISBN) 9722326937
021 ## - Número do Depósito Legal
Código do país PT
Número 160982/01
100 ## - Dados gerais de processamento
Dados gerais de processamento 20170209d2001 c y0pory5003 ba
102 ## - Pais de publicação ou produção
País de publicação Portugal
101 0# - Língua de publicação
Língua do texto, banda sonora, etc. Português
Língua do documento no original Italiano
215 ## - Descrição física 
Indicação específica da natureza do documento e extensão da espécie 38, [1] p.
Outras indicações físicas il. color
200 1# - Titulo e menção de responsabilidade
Título próprio O menino que não gostava de ler
Primeira menção de responsabilidade Susanna Tamaro
Outras menções de responsabilidade il. Ute Krause
-- trad. Luísa Jacquinet
205 ## - Menção da edição
Menção da edição 2ª ed
210 ## - Publicação, Distribuição, etc. 
Lugar da edição, distribuição, etc. Lisboa
Nome do editor, distribuidor, etc. Presença
Data da publicação, distribuição, etc. 2001
606 ## - Nome comum usado como assunto
Número de registo de entrada de autoridade 0001426
Palavra de ordem Literatura italiana
Subdivisão de assunto Conto
Código do sistema CA
675 ## - Classificação Decimal Universal (CDU)
Notação 821.131.1-34
Edição 3ª ed.
Língua da edição por
702 #1 - Nome de autor-pessoa física (responsabilidade secundária)
Número de registo de entrada de autoridade 0000853
Palavra de ordem Krause
Outra parte do nome não tomada para palavra de ordem Ute
Código de função Ilustrador / Técnico de desenho computorizado
Número de registo de entrada de autoridade 0000854
Palavra de ordem Jacquinet
Outra parte do nome não tomada para palavra de ordem Maria Luísa
Código de função Tradutor
700 #1 - Nome de autor-pessoa física (responsabilidade principal)
Número de registo de entrada de autoridade 0000852
Palavra de ordem Tamaro
Outra parte do nome não tomada para palavra de ordem Susanna
Datas 1957-
966 ## - Identificação da Biblioteca
Sigla EBVEN
942 ## - Elementos de entrada adicionados (Koha)
Tipo de item no Koha Livro
Exemplares
Situação do levantamento Origin of item (home branch) (coded) Biblioteca de empréstimo Código de barras Cota Circulation type (not for loan) Tipo de documento Nota do exemplar Damaged status
  Biblioteca Escolar das Vendas Biblioteca Escolar das Vendas BEV142 8EST TAM   Livro Sem mensagem